Normal view MARC view

Entry Personal Name

Number of records used in: 1

001 - CONTROL NUMBER

  • control field: 990

003 - CONTROL NUMBER IDENTIFIER

  • control field: DLC

005 - DATE AND TIME OF LATEST TRANSACTION

  • control field: 20191231145444.0

008 - FIXED-LENGTH DATA ELEMENTS

  • fixed length control field: 100803n| acannaabn |a aaa

010 ## - LIBRARY OF CONGRESS CONTROL NUMBER

  • LC control number: nb2010020273

035 ## - SYSTEM CONTROL NUMBER

  • System control number: (Uk)007876338

040 ## - CATALOGING SOURCE

  • Original cataloging agency: Uk
  • Language of cataloging: eng
  • Transcribing agency: Uk

100 1# - HEADING--PERSONAL NAME

  • Personal name: Pan, Suvranshu,
  • Dates associated with a name: 1975-

400 0# - SEE FROM TRACING--PERSONAL NAME

  • Personal name: Suvranshu Pan,
  • Dates associated with a name: 1975-

670 ## - SOURCE DATA FOUND

  • Source citation: Foreign direct investment and trade in India, c2007:
  • Information found: t.p. (Suvranshu Pan) jkt. (Dr.; b. 1975; teaches in the Dept. of Economics, Kashipur Micheal Madhusadan Mahavidyalaya, Purulia)

Powered by Koha